00391 2200157 4500001002100000005001500021035002000036245004600056100002100102300002600123260002800149082000800177084001400185020002200199990001200221INLIS00000000000302820250918114304 a0010-09250003751 aCinta Tak Kenal Cuaca /cEidelweis Almira0 aEidelweis Almira a252 hlm ;c13 x 19 cm aJakarta :bZettu,c2014 a813 a813 EID c a978-602-7999-90-9 a0755608